| 000 | 00842cam a22002897a 4500 | ||
|---|---|---|---|
| 003 | CHAP | ||
| 005 | 20221024141923.0 | ||
| 008 | 971013s r 00010 d | ||
| 010 | _a56610 | ||
| 011 | _a57582 | ||
| 035 | _a61737 | ||
| 040 | _cCHAP | ||
| 100 | 0 | 0 |
_aSoberón Hernández, Waldo. _9108015 |
| 245 | 1 | 3 |
_aEl algodón en Tierra Blanca, Ver. / _cpor Waldo Soberón Hernández |
| 260 |
_a(s.l.) : _bEl autor, _c1960 |
||
| 300 | _a27 p. | ||
| 590 |
_aBATCH-UPD _b10 _c20130110 |
||
| 590 |
_aBATCH-UPD _b10 _c20130410 |
||
| 590 |
_aBATCH-UPD _b10 _c20130914 |
||
| 590 |
_aCONVERSION _b10 _c20130109 |
||
| 650 | 1 | 4 |
_aAlgodon _xVeracruz. _94072 |
| 901 | _aBK | ||
| 942 |
_cFOLL _2ddc |
||
| 949 |
_bBC _cTES _d-132548 _eTS1 _i61737 _si |
||
| 949 |
_bBC _cTES _d-132549 _eTS2 _fc.2 _i61737 _si |
||
| 949 |
_bBC _cTES _d-132550 _eTS2 _fc.3 _i61737 _si |
||
| 999 |
_c56610 _d56610 |
||